Non-verbal sentence patterns in Late Egyptian /

محفوظ في:

المؤلف الرئيسي: Israelit-Groll, Sarah (مؤلف)

مؤلف مشترك: Griffith Institute.

التنسيق: كتاب

اللغة: English

الموضوعات:

الوسوم: إضافة وسم

لا توجد وسوم, كن أول من يضع وسما على هذه التسجيلة!

رقم الطلب: PJ1201 .I8 1967

LEADER 00929namaa2200241 4500
001 15518
003 OSt
005 20210802090908.0
008 130303s1967 enkh g 000 0 eng d
952 |0 0  |1 0  |2 lcc  |4 0  |6 PJ1201 I8 01967  |7 1  |9 17302  |a ARCE  |b ARCE  |d 2021-08-02  |l 0  |o PJ1201 .I8 1967  |p 1005977  |r 2021-08-02 00:00:00  |w 2021-08-02  |y BK 
999 |c 14133  |d 14133 
010 |a 67090995 
040 |c ARCE Library 
050 0 4 |a PJ1201 .I8 1967 
100 1 |a Israelit-Groll, Sarah,  |e author  |9 32989 
245 1 0 |a Non-verbal sentence patterns in Late Egyptian /  |c Sarah Israelit-Groll ; University of Oxford. Griffith Institute. 
264 1 |a [London :  |b Published for the Griffith Institute by the Oxford University Press,  |c 1967]. 
300 |a volume 127, [1] pages :  |b facsimiles ;  |c 29 cm. 
650 0 |a Egyptian language  |x Sentences. 
650 0 |a Egyptian language  |x Verbals. 
710 1 |a Griffith Institute. 
901 |a reviewed 
942 |c BK  |2 lcc